00826nas a2200229Ia 4500001001100000003000900011008004100020040001300061040001300074041001300087100004500100210001100145222001100156245012700167250001100294260002800305501008600333300001000419362004700429500008100476650003900557R702/49201IT-RoPAU151124c99999999xx |||||||||||| ||und|| aIT-RoPAU cIT-RoPAU aFRANCESE aMounin GeorgesgCodice Aut. SPICS: 3498 aDEGRES aDegres aDEGRES, N.039/040 (AUTUNNO/INVERNO 1984)bPlace Et Pertinences De L'Histoire Litteraire Dans Une Science De la Litterature a1a ed. aBRUXELLESbDEGRESc1984 bPaulus - SPICS - Società San Paolo EM (non-commercial uses only)cCopyright2015 a15 p. aANNO 012, N.039/040 (AUTUNNO/INVERNO 1984) aPosto e Pertinenze della Storia Letteraria in una Scienza della Letteratura. aSEMIOTICAvPUBBLICAZIONE PERIODICA